<?xml version="1.0" encoding="UTF-8"?>
<record
    xmlns:xsi="http://www.w3.org/2001/XMLSchema-instance"
    xsi:schemaLocation="http://www.loc.gov/MARC21/slim http://www.loc.gov/standards/marcxml/schema/MARC21slim.xsd"
    xmlns="http://www.loc.gov/MARC21/slim">

  <leader>01498nam a2200265   4500</leader>
  <controlfield tag="003">OSt</controlfield>
  <controlfield tag="005">20240409142730.0</controlfield>
  <controlfield tag="008">240409s2012    mx a|||f |||| 001 0 spa d</controlfield>
  <datafield tag="020" ind1=" " ind2=" ">
    <subfield code="a">9786077666042</subfield>
  </datafield>
  <datafield tag="040" ind1=" " ind2=" ">
    <subfield code="e">rda</subfield>
    <subfield code="c">CHAP</subfield>
  </datafield>
  <datafield tag="082" ind1="0" ind2="0">
    <subfield code="2">22</subfield>
    <subfield code="a">398.20972</subfield>
    <subfield code="b">M61</subfield>
  </datafield>
  <datafield tag="245" ind1="0" ind2="0">
    <subfield code="a">M&#xE9;xico y sus leyendas :</subfield>
    <subfield code="b">compilaci&#xF3;n /</subfield>
  </datafield>
  <datafield tag="264" ind1=" " ind2="1">
    <subfield code="a">M&#xE9;xico:</subfield>
    <subfield code="b">Leyenda,</subfield>
    <subfield code="c">2012.</subfield>
  </datafield>
  <datafield tag="300" ind1=" " ind2=" ">
    <subfield code="a">93 p&#xE1;ginas:</subfield>
    <subfield code="b">Ilustraciones</subfield>
  </datafield>
  <datafield tag="336" ind1=" " ind2=" ">
    <subfield code="2">rdacontent</subfield>
    <subfield code="a">texto</subfield>
    <subfield code="b">txt</subfield>
  </datafield>
  <datafield tag="337" ind1=" " ind2=" ">
    <subfield code="2">rdamedia</subfield>
    <subfield code="a">sin medio</subfield>
    <subfield code="b">n</subfield>
  </datafield>
  <datafield tag="338" ind1=" " ind2=" ">
    <subfield code="2">rdacarrier</subfield>
    <subfield code="a">volumen</subfield>
    <subfield code="b">nc</subfield>
  </datafield>
  <datafield tag="490" ind1="1" ind2=" ">
    <subfield code="a">Nuestro tiempo</subfield>
  </datafield>
  <datafield tag="504" ind1=" " ind2=" ">
    <subfield code="a">Incluye &#xED;ndice</subfield>
  </datafield>
  <datafield tag="520" ind1=" " ind2=" ">
    <subfield code="a">M&#xE9;xico es uno de los pa&#xED;ses latinoamericanos que goza de mayores leyendas y tradiciones. ya que la mayor&#xED;a de los estados de la Rep&#xFA;blica Mexicana tiene el privilegio de tener las suyas. como es el caso de la Ciudad M&#xE9;xico. que en 1790. en lo que era llamada la Plaza de Armas hoy conocida como la Plaza de la Constituci&#xF3;n. fue encontrada la Piedra del Sol que tambi&#xE9;n es llamada el Calendario Azteca. esta piedra colosal est&#xE1; considerada como el primer monumento de Am&#xE9;rica. Puebla tambi&#xE9;n cuenta con la leyenda de la China poblana. que fue una esclava oriental que vest&#xED;a de una manera muy extra&#xF1;a. ya que portaba una camisa de hermosos bordados y esplendorosos colores con lentejuelas dando esto origen al traje t&#xED;pico de la china poblana.</subfield>
  </datafield>
  <datafield tag="650" ind1=" " ind2="4">
    <subfield code="9">144945</subfield>
    <subfield code="a">Leyendas</subfield>
  </datafield>
  <datafield tag="650" ind1=" " ind2="4">
    <subfield code="9">76800</subfield>
    <subfield code="a">M&#xE9;xico</subfield>
    <subfield code="x">Vida social y costumbres</subfield>
  </datafield>
  <datafield tag="830" ind1=" " ind2=" ">
    <subfield code="9">188931</subfield>
    <subfield code="a">Nuestro tiempo</subfield>
  </datafield>
  <datafield tag="942" ind1=" " ind2=" ">
    <subfield code="2">ddc</subfield>
    <subfield code="c">LIBRO</subfield>
  </datafield>
  <datafield tag="999" ind1=" " ind2=" ">
    <subfield code="c">219842</subfield>
    <subfield code="d">219842</subfield>
  </datafield>
  <datafield tag="952" ind1=" " ind2=" ">
    <subfield code="0">0</subfield>
    <subfield code="1">0</subfield>
    <subfield code="2">ddc</subfield>
    <subfield code="4">0</subfield>
    <subfield code="5">2</subfield>
    <subfield code="7">0</subfield>
    <subfield code="8">GRAL</subfield>
    <subfield code="a">BC</subfield>
    <subfield code="b">BC</subfield>
    <subfield code="c">PA_GRAL</subfield>
    <subfield code="d">2024-04-09</subfield>
    <subfield code="l">0</subfield>
    <subfield code="o">398.20972 M61</subfield>
    <subfield code="p">33724002584473</subfield>
    <subfield code="r">2024-04-09 00:00:00</subfield>
    <subfield code="w">2024-04-09</subfield>
    <subfield code="y">LIBRO</subfield>
  </datafield>
</record>
